[Event "IND-ch (Women)"]
[Site "Pune"]
[Date "2007.11.15"]
[Round "11"]
[White "Pujari, Rucha"]
[Black "Sangeetha, MR."]
[Result "0-1"]
[WhiteElo "2061"]
[BlackElo "2118"]
[PlyCount "96"]
[EventDate "2007.11.06"]
[EventType "swiss"]
[EventRounds "11"]
[EventCountry "IND"]
[SourceTitle "EXT 2008"]
[Source "ChessBase"]
[SourceDate "2007.11.25"]
[SourceVersion "1"]
[SourceVersionDate "2007.11.25"]
[SourceQuality "1"]

1. e4 c5 2. Nc3 Nc6 3. f4 g6 4. Nf3 Bg7 5. Bb5 Nd4 6. 0-0 a6 7. Bc4 e6 8. d3 Ne7 9. Nxd4 cxd4 10. Ne2 0-0 11. Qe1 d5 12. exd5 Nxd5 13. Qf2 b5 14. Bb3 Ne7 15. Bd2 a5 16. a3 Bb7 17. Ng3 h5 18. Rae1 Rc8 19. a4 b4 20. Ne4 Bd5 21. Bc1 Nf5 22. Bxd5 Qxd5 23. Kh1 Qc6 24. Re2 Qxa4 25. h3 h4 26. b3 Qc6 27. Kh2 Qd5 28. Rg1 Rc6 29. g4 hxg3+ 30. Nxg3 Nxg3 31. Qxg3 Rfc8 32. Rgg2 a4 33. bxa4 b3 34. Qe1 bxc2 35. a5 Qb5 36. a6 Qxa6 37. f5 exf5 38. Re8+ Rxe8 39. Qxe8+ Bf8 40. Qe2 Rc3 41. Qe8 Qd6+ 42. Kh1 Rxd3 43. Rxc2 Rxh3+ 44. Kg1 d3 45. Rf2 Qd5 46. Rg2 Qc5+ 47. Be3 Qxe3+ 48. Qxe3 Rxe3 0-1

[Event "IND-chB (Women) 34th"]
[Site "Hyderabad"]
[Date "2007.05.21"]
[Round "?"]
[White "Sangeetha, MR."]
[Black "Anusha, NLV"]
[Result "0-1"]
[WhiteElo "2107"]
[BlackElo "1907"]
[PlyCount "72"]
[EventDate "2007.05.21"]
[EventType "swiss"]
[EventRounds "11"]
[EventCountry "IND"]
[SourceTitle "EXT 2010"]
[Source "ChessBase"]
[SourceDate "2010.11.25"]
[SourceVersion "1"]
[SourceVersionDate "2010.11.25"]
[SourceQuality "1"]

1. e4 c5 2. Nc3 Nc6 3. g3 g6 4. Bg2 Bg7 5. Nge2 e6 6. 0-0 Nge7 7. d3 0-0 8. Be3 d6 9. Qd2 Rb8 10. f4 f5 11. Bf2 Bd7 12. h3 b6 13. Rae1 Be8 14. d4 Bf7 15. Rd1 a6 16. a3 Qc7 17. Qd3 cxd4 18. Nxd4 Nxd4 19. Bxd4 e5 20. Be3 Bc4 21. Qxd6 Qxd6 22. Rxd6 Bxf1 23. Bxf1 Nc8 24. Bc4+ Kh8 25. Rd7 b5 26. Bf7 Nb6 27. Bxb6 Rxb6 28. exf5 gxf5 29. Nd5 Rbb8 30. c3 Rbd8 31. Be6 Rxd7 32. Bxd7 Rd8 33. Nb6 exf4 34. gxf4 Bh6 35. Bxf5 Bxf4 36. Kf2 Rf8 0-1

[Event "IND-ch (Women) 33rd"]
[Site "Chennai"]
[Date "2006.12.15"]
[Round "10"]
[White "Harini, S."]
[Black "Sangeetha, MR."]
[Result "1/2-1/2"]
[WhiteElo "1956"]
[BlackElo "2093"]
[PlyCount "61"]
[EventDate "2006.12.07"]
[EventType "swiss"]
[EventRounds "11"]
[EventCountry "IND"]
[SourceTitle "EXT 2010"]
[Source "ChessBase"]
[SourceDate "2010.11.25"]
[SourceVersion "1"]
[SourceVersionDate "2010.11.25"]
[SourceQuality "1"]

1. e4 e6 2. d4 d5 3. Nc3 dxe4 4. Nxe4 Nd7 5. Nf3 Ngf6 6. Bg5 Be7 7. Bxf6 Nxf6 8. Bd3 0-0 9. 0-0 b6 10. c3 Bb7 11. Qe2 Nxe4 12. Bxe4 Bxe4 13. Qxe4 Bf6 14. Rad1 Qd6 15. h3 Rad8 16. Nh2 g6 17. Ng4 Bg7 18. Ne3 f5 19. Qf3 b5 20. Rfe1 c6 21. Nc2 a5 22. a4 Rfe8 23. Na3 Qd5 24. axb5 cxb5 25. Qd3 Rb8 26. Nc2 Red8 27. Ra1 Ra8 28. Na3 Rab8 29. Nc2 Ra8 30. Na3 Rab8 31. Nc2 1/2-1/2

[Event "IND-ch (Women) 33rd"]
[Site "Chennai"]
[Date "2006.12.07"]
[Round "1"]
[White "Karavade, Eesha"]
[Black "Sangeetha, MR."]
[Result "1-0"]
[WhiteElo "2321"]
[BlackElo "2093"]
[PlyCount "72"]
[EventDate "2006.12.07"]
[EventType "swiss"]
[EventRounds "11"]
[EventCountry "IND"]
[SourceTitle "EXT 2010"]
[Source "ChessBase"]
[SourceDate "2010.11.25"]
[SourceVersion "1"]
[SourceVersionDate "2010.11.25"]
[SourceQuality "1"]

1. d4 Nf6 2. c4 e6 3. Nf3 b6 4. g3 Ba6 5. Qc2 c5 6. d5 Bb7 7. Bg2 exd5 8. cxd5 d6 9. Nc3 Be7 10. e4 0-0 11. 0-0 Na6 12. Bf4 Re8 13. Rad1 Nh5 14. Be3 g6 15. e5 Nb4 16. Qa4 Bc8 17. a3 Na6 18. Ne4 Nc7 19. exd6 Bxd6 20. Nxd6 Qxd6 21. Ng5 Bd7 22. Qh4 f5 23. Ne6 Bc8 24. Ng5 h6 25. Nh3 Kg7 26. Nf4 Nf6 27. Ne6+ Nxe6 28. Qxh6+ Kf7 29. dxe6+ Qxe6 30. Bd5 Nxd5 31. Qh7+ Kf6 32. Bg5+ Ke5 33. Rfe1+ Kd6 34. Bf4+ Kc6 35. Rxe6+ Bxe6 36. Be5 Rg8 1-0

[Event "IND-ch (Women) 31st"]
[Site "Bangalore"]
[Date "2005.05.06"]
[Round "13"]
[White "Nimmy, A George"]
[Black "Sangeetha, MR."]
[Result "1-0"]
[WhiteElo "2066"]
[BlackElo "2059"]
[PlyCount "91"]
[EventDate "2005.04.24"]
[EventType "tourn"]
[EventRounds "13"]
[EventCountry "IND"]
[SourceTitle "EXT 2010"]
[Source "ChessBase"]
[SourceDate "2010.11.25"]
[SourceVersion "1"]
[SourceVersionDate "2010.11.25"]
[SourceQuality "1"]

1. e4 c5 2. Nf3 Nc6 3. d4 cxd4 4. Nxd4 e5 5. Nb5 d6 6. N1c3 a6 7. Na3 b5 8. Nd5 Nce7 9. c4 Nxd5 10. Qxd5 Be6 11. Qc6+ Bd7 12. Qb7 Qb8 13. Qxb8+ Rxb8 14. cxb5 axb5 15. Bd3 g6 16. 0-0 Bg7 17. Nc2 Ne7 18. Nb4 0-0 19. Be3 f5 20. f3 Be6 21. Rac1 Rb7 22. b3 fxe4 23. fxe4 Rxf1+ 24. Kxf1 Kf7 25. Na6 Bd7 26. Rc7 Bc6 27. Rxb7 Bxb7 28. Nc7 Bc6 29. Nxb5 d5 30. a4 dxe4 31. Nd6+ Ke6 32. Nxe4 Nf5 33. Bc5 Bh6 34. Kf2 Nd4 35. Bc4+ Bd5 36. a5 Nxb3 37. Bxd5+ Kxd5 38. a6 Kc6 39. Nd6 Nxc5 40. a7 Ne4+ 41. Kf3 Nd2+ 42. Ke2 Kxd6 43. a8Q Bg5 44. h4 Bf4 45. g3 Bh6 46. Qb7 1-0

[Event "IND-ch (Women) 31st"]
[Site "Bangalore"]
[Date "2005.05.05"]
[Round "12"]
[White "Sangeetha, MR."]
[Black "Swati, Mohota"]
[Result "1-0"]
[WhiteElo "2059"]
[BlackElo "2154"]
[PlyCount "83"]
[EventDate "2005.04.24"]
[EventType "tourn"]
[EventRounds "13"]
[EventCountry "IND"]
[SourceTitle "EXT 2010"]
[Source "ChessBase"]
[SourceDate "2010.11.25"]
[SourceVersion "1"]
[SourceVersionDate "2010.11.25"]
[SourceQuality "1"]

1. Nf3 d5 2. g3 Nf6 3. Bg2 Bf5 4. d3 e6 5. 0-0 Be7 6. b3 h6 7. Bb2 0-0 8. Nbd2 Nbd7 9. Re1 Bh7 10. e4 dxe4 11. dxe4 c6 12. Qe2 Qc7 13. e5 Nd5 14. Ne4 Bxe4 15. Qxe4 Bb4 16. Rf1 Nc5 17. Qg4 Na6 18. c4 Nb6 19. a3 Be7 20. Bc1 Kh7 21. Qe4+ Kg8 22. b4 Rad8 23. Qg4 Kh7 24. Re1 Qd7 25. Be3 Qc8 26. Nh4 g6 27. Be4 Rg8 28. Qf4 Bg5 29. Qxf7+ Rg7 30. Qf3 Bxe3 31. fxe3 Nxc4 32. Nxg6 Nd2 33. Nf4+ Kg8 34. Qg2 Nxe4 35. Qxe4 Rg5 36. h4 Rf5 37. g4 Rf7 38. Nh5 Rd2 39. Qg6+ Kf8 40. Rf1 Rdd7 41. Qxh6+ Ke7 42. Qg5+ 1-0

[Event "IND-ch (Women) 31st"]
[Site "Bangalore"]
[Date "2005.04.25"]
[Round "2"]
[White "Nadig, Kruttika"]
[Black "Sangeetha, MR."]
[Result "1-0"]
[WhiteElo "2059"]
[BlackElo "2241"]
[PlyCount "59"]
[EventDate "2005.04.24"]
[EventType "tourn"]
[EventRounds "13"]
[EventCountry "IND"]
[SourceTitle "EXT 2010"]
[Source "ChessBase"]
[SourceDate "2010.11.25"]
[SourceVersion "1"]
[SourceVersionDate "2010.11.25"]
[SourceQuality "1"]

1. e4 c5 2. Nf3 Nc6 3. d4 cxd4 4. Nxd4 Nf6 5. Nc3 e5 6. Ndb5 d6 7. Bg5 a6 8. Na3 b5 9. Bxf6 gxf6 10. Nd5 f5 11. Bd3 Be6 12. Qh5 Rg8 13. g3 h6 14. c3 Rb8 15. f4 Rc8 16. Qe2 fxe4 17. Bxe4 Bxd5 18. Bxd5 Qe7 19. f5 Qa7 20. Nc2 Ne7 21. Ne3 Rg5 22. Rf1 h5 23. Rd1 Nxd5 24. Nxd5 Be7 25. f6 Bd8 26. Ne3 Qd7 27. Qd3 Bc7 28. Nf5 Kf8 29. Ne7 Bb6 30. Qh7 1-0

[Event "Chennai WinTV op 1st"]
[Site "Chennai"]
[Date "2004.01.28"]
[Round "9"]
[White "Sangeetha, MR."]
[Black "Wijesurija, G Laxman"]
[Result "1/2-1/2"]
[WhiteElo "2085"]
[BlackElo "2191"]
[PlyCount "82"]
[EventDate "2004.01.21"]
[EventType "swiss"]
[EventRounds "13"]
[EventCountry "IND"]
[SourceTitle "CBM 098 Extra"]
[Source "ChessBase"]
[SourceDate "2004.03.10"]
[SourceVersion "2"]
[SourceVersionDate "2004.03.10"]
[SourceQuality "1"]

1. c4 e6 2. Nc3 d5 3. d4 c6 4. Nf3 dxc4 5. a4 Bb4 6. e4 Nf6 7. Qc2 Qa5 8. Bd2 b5 9. Be2 Bxc3 10. Bxc3 Qc7 11. 0-0 Bb7 12. axb5 cxb5 13. d5 exd5 14. Bxf6 gxf6 15. exd5 Nd7 16. Qe4+ Ne5 17. Nd4 Qc5 18. f4 0-0-0 19. fxe5 Rxd5 20. Rxf6 Rxd4 21. Qf5+ Kb8 22. Kh1 Bd5 23. Rfa6 Rg8 24. Bf3 Bxf3 25. Qxf3 Rgd8 26. h3 R8d7 27. e6 fxe6 28. Rxe6 Qd5 29. Qg3+ Kb7 30. Re5 Qc6 31. Kh2 a6 32. Rc1 Qc7 33. Qf3+ Ka7 34. Kh1 Rd3 35. Qg4 R3d4 36. Qf3 Qb7 37. Qe3 Qb6 38. Re8 R4d6 39. Qf3 Qc6 40. Qf2+ Qb6 41. Qe2 Kb7 1/2-1/2

[Event "IND-ch (Women) 30th"]
[Site "Calicut"]
[Date "2003.11.18"]
[Round "14"]
[White "Koneru, Humpy"]
[Black "Sangeetha, MR."]
[Result "1-0"]
[WhiteElo "2468"]
[BlackElo "2140"]
[PlyCount "97"]
[EventDate "2003.11.09"]
[EventType "tourn"]
[EventRounds "17"]
[EventCountry "IND"]
[SourceTitle "EXT 2004"]
[Source "ChessBase"]
[SourceDate "2003.11.25"]
[SourceVersion "1"]
[SourceVersionDate "2003.11.25"]
[SourceQuality "1"]

1. d4 Nf6 2. c4 e6 3. Nf3 b6 4. g3 Bb7 5. Bg2 Bb4+ 6. Nc3 0-0 7. Qb3 Be7 8. 0-0 d6 9. Qc2 c5 10. d5 e5 11. Nh4 Bc8 12. f4 exf4 13. gxf4 Ng4 14. Nf3 f5 15. Bd2 Na6 16. h3 Nh6 17. Ng5 Bxg5 18. fxg5 Nf7 19. e4 Nxg5 20. exf5 Nb4 21. Qc1 Nf7 22. Ne2 Ne5 23. Bg5 Qe8 24. f6 Qg6 25. h4 gxf6 26. Nf4 Qc2 27. Bh6 Qxc1 28. Rfxc1 Rf7 29. Ne6 Nbd3 30. Rc2 Ng4 31. Bd2 Nde5 32. h5 Re7 33. Bf4 Bxe6 34. dxe6 Rd8 35. Be4 Kh8 36. Rg2 Rg8 37. b3 Rxe6 38. Bd5 Rge8 39. Bxe6 Rxe6 40. Rf1 a6 41. a4 h6 42. Bd2 Re8 43. Rf4 Rg8 44. Bc3 Ne3 45. Rxg8+ Kxg8 46. Rxf6 Nf7 47. Re6 Nf5 48. Re8+ Kh7 49. Rf8 1-0

[Event "IND-ch (Women) 30th"]
[Site "Calicut"]
[Date "2003.11.12"]
[Round "5"]
[White "Gokhale, Anupama"]
[Black "Sangeetha, MR."]
[Result "1/2-1/2"]
[WhiteElo "2217"]
[BlackElo "2140"]
[PlyCount "98"]
[EventDate "2003.11.09"]
[EventType "tourn"]
[EventRounds "17"]
[EventCountry "IND"]
[SourceTitle "EXT 2004"]
[Source "ChessBase"]
[SourceDate "2003.11.25"]
[SourceVersion "1"]
[SourceVersionDate "2003.11.25"]
[SourceQuality "1"]

1. d4 Nf6 2. c4 e6 3. g3 d5 4. Nf3 Be7 5. Bg2 c5 6. cxd5 Nxd5 7. 0-0 cxd4 8. Nxd4 0-0 9. e4 Nb4 10. Nc3 N8c6 11. Be3 Nxd4 12. Bxd4 Nc6 13. Be3 Qa5 14. Qe2 b6 15. Rfd1 Ba6 16. Qc2 Rad8 17. a3 Bb7 18. Rxd8 Rxd8 19. Rd1 Re8 20. Bf4 g5 21. Be3 Ne5 22. Bd4 Ng6 23. Qc1 g4 24. e5 Bxg2 25. Kxg2 Kg7 26. h3 gxh3+ 27. Kxh3 Qa6 28. Kg2 Qb7+ 29. f3 h5 30. Qe3 Rh8 31. Rh1 h4 32. g4 Qc8 33. Kh3 Bc5 34. Ne2 Rd8 35. Rc1 Qa6 36. Bxc5 Qxe2 37. Re1 Qd3 38. Bd6 Qxe3 39. Rxe3 f6 40. exf6+ Kxf6 41. Bb4 Rd1 42. Bc3+ Kg5 43. Kh2 Rd6 44. Re4 Rd3 45. Rxe6 Rxf3 46. Bd4 Nf4 47. Re7 Kxg4 48. Rg7+ Kf5 49. Rxa7 Kg5 1/2-1/2

[Event "Asia-ch (Women) 10th"]
[Site "Calicut"]
[Date "2003.08.25"]
[Round "9"]
[White "Sangeetha, MR."]
[Black "Swati, Mohota"]
[Result "1-0"]
[WhiteElo "2100"]
[BlackElo "2104"]
[PlyCount "165"]
[EventDate "2003.08.17"]
[EventType "swiss"]
[EventRounds "9"]
[EventCountry "IND"]
[SourceTitle "CBM 095 Extra"]
[Source "ChessBase"]
[SourceDate "2003.09.04"]
[SourceVersion "1"]
[SourceVersionDate "2003.09.04"]
[SourceQuality "1"]

1. c4 c6 2. Nc3 d5 3. cxd5 cxd5 4. d4 Nf6 5. Nf3 Nc6 6. g3 Ne4 7. Bg2 e6 8. 0-0 Nxc3 9. bxc3 Be7 10. e3 0-0 11. Qe2 b6 12. Nd2 Bb7 13. e4 dxe4 14. Bxe4 Rc8 15. Nb3 Bf6 16. Rd1 Re8 17. Qd3 g6 18. Ba3 a5 19. Rab1 Qc7 20. Qf3 Bg7 21. Qe2 Ba8 22. Nd2 Rb8 23. Nc4 Bf8 24. Bc1 Bg7 25. Na3 Na7 26. Bxa8 Rxa8 27. c4 Rac8 28. Be3 Bf8 29. c5 bxc5 30. Rdc1 Rb8 31. Rxb8 Rxb8 32. dxc5 Qc6 33. Nc4 Qa6 34. Qd2 Nc6 35. Qd7 Qb7 36. Rd1 Qa6 37. Rc1 Rd8 38. Qc7 Rc8 39. Qb6 Qa8 40. Nd6 Rd8 41. Nc4 a4 42. a3 Rd5 43. Rb1 Rd3 44. Qc7 Rb3 45. Rd1 Qb7 46. Qxb7 Rxb7 47. Nb6 Kg7 48. Rc1 Ra7 49. Rc4 Ra5 50. Rxa4 Rb5 51. Nd7 Be7 52. Ra6 Rb7 53. Rxc6 Rxd7 54. Ra6 Rc7 55. c6 e5 56. Kf1 Kf6 57. Bd2 Ke6 58. Ba5 Rc8 59. a4 Kd5 60. Ra7 Ke6 61. c7 Bd6 62. Ke2 Kd7 63. Kd3 Bc5 64. Rb7 Bxf2 65. Ke4 Bg1 66. h3 Bf2 67. g4 Bd4 68. Rb5 Kc6 69. Rb8 Kd7 70. Kd5 f5 71. Rb1 Ra8 72. Rb5 Ra6 73. Kc4 Rc6+ 74. Kd3 Bc5 75. Rb8 e4+ 76. Ke2 Be7 77. Rd8+ Ke6 78. c8Q+ Rxc8 79. Rxc8 f4 80. Bd2 f3+ 81. Kf2 Bh4+ 82. Kf1 Kd5 83. Be3 1-0

[Event "Asia-ch (Women) 10th"]
[Site "Calicut"]
[Date "2003.08.21"]
[Round "5"]
[White "Sangeetha, MR."]
[Black "Nguyen, Thi Thanh An"]
[Result "0-1"]
[WhiteElo "2100"]
[BlackElo "2335"]
[PlyCount "106"]
[EventDate "2003.08.17"]
[EventType "swiss"]
[EventRounds "9"]
[EventCountry "IND"]
[SourceTitle "CBM 095 Extra"]
[Source "ChessBase"]
[SourceDate "2003.09.04"]
[SourceVersion "1"]
[SourceVersionDate "2003.09.04"]
[SourceQuality "1"]

1. c4 g6 2. Nc3 Bg7 3. g3 d6 4. Bg2 e5 5. d3 Nc6 6. Nf3 Nf6 7. 0-0 0-0 8. Rb1 a5 9. a3 h6 10. b4 axb4 11. axb4 Be6 12. b5 Ne7 13. e4 Nh5 14. Ne1 Kh7 15. Nc2 Qd7 16. Nd5 Nc8 17. Bf3 Nf6 18. Nxf6+ Bxf6 19. Ne3 Bg7 20. g4 c6 21. bxc6 bxc6 22. Qb3 Ra7 23. Bd2 Bf6 24. Qc2 Bg5 25. h3 h5 26. Kg2 f5 27. exf5 gxf5 28. Nxf5 Bxf5 29. gxf5 Bxd2 30. Qxd2 Qe7 31. Kh2 Qh4 32. Rg1 Ne7 33. Qg5 Nxf5 34. Qxh4 Nxh4 35. Be4+ Kh6 36. Bxc6 Rxf2+ 37. Kg3 Rf4 38. Rgf1 Nf5+ 39. Kh2 Ra2+ 40. Kg1 Nd4 41. Rxf4 exf4 42. Rb6 Kg5 43. Be4 Ne2+ 44. Kf2 Nd4+ 45. Kf1 Ra1+ 46. Kf2 Ra2+ 47. Kf1 f3 48. Rxd6 Kf4 49. Rf6+ Ke3 50. Kg1 Rg2+ 51. Kf1 Rf2+ 52. Kg1 Ne2+ 53. Kh1 Ng3+ 0-1

[Event "IND-ch (Women)"]
[Site "New Delhi"]
[Date "2001.06.04"]
[Round "3"]
[White "Sangeetha, MR."]
[Black "Dhar Barua, Saheli"]
[Result "0-1"]
[WhiteElo "2009"]
[BlackElo "2224"]
[PlyCount "53"]
[EventDate "2001.06.02"]
[EventType "tourn"]
[EventRounds "13"]
[EventCountry "IND"]
[SourceTitle "EXT 2002"]
[Source "ChessBase"]
[SourceDate "2001.11.25"]
[SourceVersion "1"]
[SourceVersionDate "2001.11.25"]
[SourceQuality "1"]

1. e4 e6 2. d4 d5 3. Nd2 Nf6 4. e5 Nfd7 5. Bd3 c5 6. c3 Nc6 7. Ne2 cxd4 8. cxd4 f6 9. exf6 Nxf6 10. Nf3 Bd6 11. 0-0 Qc7 12. g3 0-0 13. Bf4 e5 14. dxe5 Nxe5 15. Nxe5 Bxe5 16. Qb3 Bg4 17. Rac1 Qd6 18. Bxe5 Qxe5 19. Qc3 Qg5 20. h4 Qh6 21. Nf4 Nh5 22. Nxh5 Qxh5 23. Rfe1 Bf3 24. Re7 Qg4 25. Qe5 Rf6 26. Rcc7 Raf8 27. Bf5 0-1